<?xml version="1.0" encoding="UTF-8"?>
<record
    xmlns:xsi="http://www.w3.org/2001/XMLSchema-instance"
    xsi:schemaLocation="http://www.loc.gov/MARC21/slim http://www.loc.gov/standards/marcxml/schema/MARC21slim.xsd"
    xmlns="http://www.loc.gov/MARC21/slim">

  <leader>00641cam a22002051  4500</leader>
  <controlfield tag="001">ne 62000296 </controlfield>
  <controlfield tag="003">DLC</controlfield>
  <controlfield tag="005">20260227111734.0</controlfield>
  <controlfield tag="008">860130s1933    tu            000 0 tur  </controlfield>
  <datafield tag="010" ind1=" " ind2=" ">
    <subfield code="a">ne 62000296 </subfield>
  </datafield>
  <datafield tag="035" ind1=" " ind2=" ">
    <subfield code="a">(OCoLC)13082619</subfield>
  </datafield>
  <datafield tag="040" ind1=" " ind2=" ">
    <subfield code="a">DLC</subfield>
    <subfield code="c">TxU</subfield>
    <subfield code="d">TxU</subfield>
    <subfield code="d">DLC</subfield>
  </datafield>
  <datafield tag="050" ind1="0" ind2="0">
    <subfield code="a">PL248.S78</subfield>
    <subfield code="b">Z65</subfield>
  </datafield>
  <datafield tag="100" ind1="1" ind2=" ">
    <subfield code="a">Ergun, Sadettin N&#xFC;zhet.</subfield>
  </datafield>
  <datafield tag="245" ind1="1" ind2="0">
    <subfield code="a">XIX uncu as&#x131;r saz&#x15F;airlerinden Sille&#x2BC;li Surur&#xEE;.</subfield>
    <subfield code="c">[Haz&#x131;rlayan] Sadettin N&#xFC;zhet.</subfield>
  </datafield>
  <datafield tag="246" ind1="3" ind2=" ">
    <subfield code="a">Ondokuzuncu as&#x131;r saz&#x15F;airlerinden Sille&#x2BC;li Surur&#xEE;</subfield>
  </datafield>
  <datafield tag="260" ind1=" " ind2=" ">
    <subfield code="a">[&#x130;stanbul]</subfield>
    <subfield code="b">S&#xFC;hulet K&#xFC;t&#xFC;phanesi,</subfield>
    <subfield code="c">[1933?]</subfield>
  </datafield>
  <datafield tag="300" ind1=" " ind2=" ">
    <subfield code="a">61 p.</subfield>
    <subfield code="c">20 cm.</subfield>
  </datafield>
  <datafield tag="600" ind1="0" ind2="0">
    <subfield code="a">S&#xFC;rur&#xEE;,</subfield>
    <subfield code="d">-1855.</subfield>
  </datafield>
  <datafield tag="999" ind1=" " ind2=" ">
    <subfield code="c">45032</subfield>
    <subfield code="d">45032</subfield>
  </datafield>
</record>
